Normal view MARC view

Entry Personal Name

Number of records used in: 1

001 - CONTROL NUMBER

  • control field: 1136357

003 - CONTROL NUMBER IDENTIFIER

  • control field: OSt

005 - DATE AND TIME OF LATEST TRANSACTION

  • control field: 20260320201933.0

008 - FIXED-LENGTH DATA ELEMENTS

  • fixed length control field: 260320|| aca||aabn | a|a d

040 ## - CATALOGING SOURCE

  • Original cataloging agency: OSt
  • Transcribing agency: OSt

100 ## - HEADING--PERSONAL NAME

  • Personal name: Sinur

670 ## - SOURCE DATA FOUND

  • Source citation: Work cat.: (OSt)1724377: Sinur, Practical Business Process Modeling and Analysis: Design and optimize business processes incrementally for AI transformation using BPMN
Copyright @ Delhi University Library System